000 00440nam a2200193Ia 4500
008 101110s9999 xx 000 0 und d
041 _aENGLISH
082 _bSR13844
_a657.42
100 _aJain S.P., Narang K.L.
245 _aCost Accounting
365 _b30
520 _aCommerce
546 _aENGLISH
630 _aCost Accounting
650 _aCommerce
655 _aCommerce
730 _aCost Accounting
942 _cBOOK
999 _c807980
_d807977